Faculty of Law Library — Cairo University

Official Online Catalog

تطبيق القانون العام الأجنبي بصفة تبعية في نطاق قواعد الإسناد : (Record no. 64282)

MARC details
000 -LEADER
fixed length control field 01217nam a2200289 a 4500
003 - CONTROL NUMBER IDENTIFIER
control field EG-GICUC
005 - DATE AND TIME OF LATEST TRANSACTION
control field 20260227013248.0
008 - FIXED-LENGTH DATA ELEMENTS--GENERAL INFORMATION
fixed length control field 260226s1992 ua ||||fr|||| 000 0 ara d
040 0# - CATALOGING SOURCE
Language of cataloging ara
Original cataloging agency EG-GICUC
Transcribing agency EG-GICUC
Modifying agency EG-GICUC
Description conventions rda
041 0# - LANGUAGE CODE
Language code of text/sound track or separate title ara
082 04 - DEWEY DECIMAL CLASSIFICATION NUMBER
Classification number 341,8
Item number م ن . ت
Edition number 21
092 04 - LOCALLY ASSIGNED DEWEY CALL NUMBER (OCLC)
Edition number 21
099 ## - LOCAL FREE-TEXT CALL NUMBER (OCLC)
Classification number Law1 11 1992 341.8 م ن . ت
100 0# - MAIN ENTRY--PERSONAL NAME
Personal name منصور محمد عبد العظيم ،
Relator term مؤلف.
245 10 - TITLE STATEMENT
Title تطبيق القانون العام الأجنبي بصفة تبعية في نطاق قواعد الإسناد :
Remainder of title دراسة تأصيلية تحليلية في القانون الدولي الخاص /
Statement of responsibility, etc. تأليف منصور محمد عبد العظيم .
264 #1 - PRODUCTION, PUBLICATION, DISTRIBUTION, MANUFACTURE, AND COPYRIGHT NOTICE
Place of production, publication, distribution, manufacture القاهرة :
Name of producer, publisher, distributor, manufacturer دار النهضة العربية ،
Date of production, publication, distribution, manufacture, or copyright notice 1992 .
300 ## - PHYSICAL DESCRIPTION
Extent 157 ؛ صفحة
Dimensions 24 سم
336 ## - CONTENT TYPE
Source rda content
Content type term text
337 ## - MEDIA TYPE
Source rda media
Media type term Computer
338 ## - CARRIER TYPE
Source rda carrier
Carrier type term Online Resource
546 ## - LANGUAGE NOTE
Language note النص أغلبه باللغة العربية مع بعض النصوص الفرنسية
650 14 - SUBJECT ADDED ENTRY--TOPICAL TERM
Topical term or geographic name entry element قانون دولي خاص
Source of heading or term qrmak
651 1# - SUBJECT ADDED ENTRY--GEOGRAPHIC NAME
Source of heading or term qrmak
856 40 - ELECTRONIC LOCATION AND ACCESS
Uniform Resource Identifier <a href="https://fll.law.cu.edu.eg/fulltext/bks/B12-00180.pdf">https://fll.law.cu.edu.eg/fulltext/bks/B12-00180.pdf</a>
905 ## - Cataloger and Reviser Names
Cataloger Name: A'laa Ahmed
942 ## - ADDED ENTRY ELEMENTS (KOHA)
Source of classification or shelving scheme Dewey Decimal Classification
Suppress in OPAC No
Koha item type Books
Edition 21
Holdings
Withdrawn status Lost status Source of classification or shelving scheme Damaged status Not for loan Collection Home library Current library Date acquired Total checkouts Full call number Barcode Date last seen Copy number Price effective from Koha item type
    Dewey Decimal Classification   Not for loan القانون الدولي الخاص جــــامعة القــاهرة مكتبة كلية الحقوق - المبنى الرئيسي 27.02.2026   Law1 11 1992 1200180 341.8 م ن . ت C1 B12-00180 27.02.2026 1 27.02.2026 Books

© All rights reserved — Faculty of Law, Cairo University